| 000 | 00905nam a2200241 a 4500 | ||
|---|---|---|---|
| 001 | 81419 | ||
| 003 | BD-RjUL | ||
| 005 | 20230521110711.0 | ||
| 008 | 230521s2021 bg ||||| |||| 00| 0 eng d | ||
| 020 | _a9789843499950 | ||
| 035 | _a(BD-RjUL)81419 | ||
| 040 |
_aBD-RjUL _beng _cBD-RjUL |
||
| 041 | _aben | ||
| 041 | _aeng | ||
| 082 |
_223 _a508.5492 _bBAS 2021 |
||
| 100 |
_aবাবু, মুকিত মজুমদার _97577 |
||
| 245 |
_aসবুজে সাজাই আমার বাংলাদেশ / _cমুকিত মজুমদার বাবু |
||
| 260 |
_aঢাকা : _bপ্রকৃতি ও জীবন ফাউন্ডেশন, _c২০২১ |
||
| 300 |
_a২১৬ পৃ.: _bচিত্রসমূহ; _c২৫ সেমি. |
||
| 650 |
_aপ্রকৃতি _zবাংলাদেশ _97578 |
||
| 650 |
_aNature _zBangladesh _97579 |
||
| 942 |
_2ddc _cBK |
||
| 999 |
_c81419 _d81419 |
||